Formación y orientación laboral: grado medio

Gespeichert in:
Bibliographische Detailangaben
Hauptverfasser: Delgado González, Susana (VerfasserIn), Ena Ventura, Teresa (VerfasserIn), Donaire Hurtado, Caridad (VerfasserIn), Ena Ventura, Bélen (VerfasserIn), Martín Martínez, Beatriz (VerfasserIn)
Format: Buch
Sprache:Spanisch
Veröffentlicht: Madrid Paraninfo 2006
Ausgabe:2a. ed
Schlagworte:
Tags: Tag hinzufügen
Keine Tags, Fügen Sie den ersten Tag hinzu!

MARC

LEADER 00000nam a2200000 a 4500
001 UCH3276
003 CL-VaPUC
008 090723e20060000SP |||||||||||||||||spa|d
020 |a 8497325133 
082 0 4 |a 371.425  |b DEL  |2 21 
100 0 |a Delgado González, Susana  |e author  |9 538585 
700 0 |a Ena Ventura, Teresa  |e author  |9 538586 
700 0 |a Donaire Hurtado, Caridad  |e author  |9 538587 
700 0 |a Ena Ventura, Bélen  |e author  |9 538588 
700 0 |a Martín Martínez, Beatriz  |e author  |9 538589 
245 1 0 |a Formación y orientación laboral: grado medio 
250 |a 2a. ed 
300 |a 292 p 
942 |c BK 
945 |d 20090723 00:00:00  |a rbrito 
260 |a Madrid  |b Paraninfo  |c 2006 
500 |a Incluye CD 
650 0 |a Orientación vocacional  |9 255692 
650 0 |a Formación profesional   |9 257232 
650 7 |a ORIENTADORES  |2 CL-VaPUC  |9 407371 
650 7 |a ORIENTACION EDUCACIONAL  |2 CL-VaPUC  |9 312512 
583 |a last modification  |c 20090723 00:00:00  |k Rodrigo Vera 
999 |c 334893  |d 334891 
952 |0 0  |1 0  |4 0  |6 371_425000000000000_DEL_2006  |7 0  |8 A  |9 424161  |a BIBEDU  |b BIBEDU  |d 2019-11-22  |i 4575369  |o 371.425 DEL 2006  |p 4575369  |r 2019-11-22  |w 2019-11-22  |y BK  |k EPE